Practical Guide to Surgical Instruments X rays and Operative Interventions (Record no. 158519)

MARC details
000 -LEADER
fixed length control field 00471nam a2200145Ia 4500
008 - FIXED-LENGTH DATA ELEMENTS--GENERAL INFORMATION
fixed length control field 230411s9999 xx 000 0 und d
020 ## - INTERNATIONAL STANDARD BOOK NUMBER
International Standard Book Number 978-93-5270-367-8
041 ## - LANGUAGE CODE
Language code of text/sound track or separate title eng
082 ## - DEWEY DECIMAL CLASSIFICATION NUMBER
Classification number S/617.917/AGR/B09358
100 ## - MAIN ENTRY--PERSONAL NAME
Personal name Agrawal Ajay Agrawal Neelabh & Agrawal Sneha
9 (RLIN) 180069
245 ## - TITLE STATEMENT
Title Practical Guide to Surgical Instruments X rays and Operative Interventions
260 ## - PUBLICATION, DISTRIBUTION, ETC. (IMPRINT)
Name of publisher, distributor, etc. Jaypee Brothers
Place of publication, distribution, etc. New Delhi
Date of publication, distribution, etc. 2018
300 ## - PHYSICAL DESCRIPTION
Extent 156p
Holdings
Withdrawn status Lost status Damaged status Not for loan Collection code Home library Current library Date acquired Vendor Cost, normal purchase price Bill number Shelving control number Total Checkouts Total Renewals Full call number Barcode Date last seen Date last checked out Cost, replacement price Bill Date Koha item type Original Barcode
          Smt. Bakul Tambat Institute of Nursing Education Smt. Bakul Tambat Institute of Nursing Education 10/09/2020 S.K.Kothari,Pune. 795.00 558/2019-20 2 4 1 S 617.917 AGR B09358 BTIN-BK-9358 22/08/2025 14/08/2025 540.60 11/03/2020 Books B09358
          Smt. Bakul Tambat Institute of Nursing Education Smt. Bakul Tambat Institute of Nursing Education 10/09/2020 S.K.Kothari,Pune. 795.00 558/2019-20 2 8   S 617.917 AGR B09359 BTIN-BK-9359 22/01/2025 16/01/2025 540.60 11/03/2020 Books B09359